000 00573nam a2200193Ia 4500
005 20250508152111.0
008 008 250505s9999 xx 000 0 eng d
037 _aTextual
040 _aFEDL
_beng
_cFEDL
041 _aeng
_2eng
084 _a372.413, HAR
_qFEDL
100 _aHarris Albert J
245 0 _aHow to increase reading ability : A guide to developmental and remedial methods
250 _a3
260 _aNew York, USA
_bLongmans, Green and Co
_c1956
300 _axix,633p
942 _cTEXL
_h372.413, HAR
999 _c1334252
_d1334252